<?xml version="1.0" encoding="UTF-8"?>
<marc:record xmlns:marc="http://www.loc.gov/MARC21/slim">
   <marc:leader>00000nam a2200000 a 4500</marc:leader>
   <marc:datafield ind1="1" ind2=" " tag="100">
      <marc:subfield code="a">Drewermann, Eugen</marc:subfield>
      <marc:subfield code="4">aut</marc:subfield>
      <marc:subfield code="e">Verfasser/-in</marc:subfield>
   </marc:datafield>
   <marc:datafield ind1="1" ind2=" " tag="100">
      <marc:subfield code="a">Hoeren, Jürgen</marc:subfield>
      <marc:subfield code="4">aut</marc:subfield>
      <marc:subfield code="e">Verfasser/-in</marc:subfield>
   </marc:datafield>
   <marc:datafield ind1=" " ind2=" " tag="653">
      <marc:subfield code="a">Luther</marc:subfield>
   </marc:datafield>
   <marc:datafield ind1=" " ind2=" " tag="653">
      <marc:subfield code="a">Martin</marc:subfield>
   </marc:datafield>
   <marc:datafield ind1=" " ind2=" " tag="653">
      <marc:subfield code="a">Softcover / Sachbücher/Philosophie</marc:subfield>
   </marc:datafield>
   <marc:datafield ind1=" " ind2=" " tag="653">
      <marc:subfield code="a">Religion/Christliche Religionen</marc:subfield>
   </marc:datafield>
   <marc:datafield ind1="0" ind2="0" tag="245">
      <marc:subfield code="a">"Luther wollte mehr"</marc:subfield>
   </marc:datafield>
   <marc:datafield ind1="0" ind2="0" tag="245">
      <marc:subfield code="b">der Reformator und sein Glaube</marc:subfield>
   </marc:datafield>
   <marc:datafield ind1="0" ind2="0" tag="245">
      <marc:subfield code="c">Eugen Drewermann ; im Gespräch mit Jürgen Hoeren</marc:subfield>
   </marc:datafield>
   <marc:datafield ind1=" " ind2="1" tag="264">
      <marc:subfield code="a">Freiburg</marc:subfield>
      <marc:subfield code="b">Herder</marc:subfield>
   </marc:datafield>
   <marc:datafield ind1=" " ind2=" " tag="250">
      <marc:subfield code="a">1. Auflage</marc:subfield>
   </marc:datafield>
   <marc:datafield ind1="1" ind2=" " tag="520">
      <marc:subfield code="a">Angaben aus der Verlagsmeldung

"Luther war ein Teufelskerl" : Der Reformator und sein Glaube / von Eugen Drewermann

Was glaubte Martin Luther und was wollte er erreichen? Wie können wir ihn heute wieder entdecken und neu verstehen? Was würde Luther zum Zustand der christlichen Kirchen sagen? Nach 500 Jahren Spaltung zieht der Theologe und Lutherkenner Eugen Drewermann eine schonungslos kritische Bilanz. Haben die Katholiken dazugelernt? Und was haben die reformatorischen Kirchen aus ihrem Erbe jenseits allen Streits und abwegigen Debatten gemacht, was ist ihnen geblieben? Im Gespräch mit dem Publizisten Jürgen Hoeren erschließt Eugen Drewermann eine Sicht auf Luther, die das Grundanliegen des Reformators wieder ernsthaft in den Blick nimmt: dass der Mensch von Gott vorbehaltlos angenommen und gerecht gesprochen ist. Den Kern lutherischen Denkens und seine praktischen Folgen gilt es wiederzuentdecken: theologisch, anthropologisch, psychologisch - gerade auch in einer so krisengeprägten Zeit wie heute.
</marc:subfield>
   </marc:datafield>
   <marc:datafield ind1=" " ind2=" " tag="020">
      <marc:subfield code="a">9783451375668</marc:subfield>
      <marc:subfield code="9">9783451375668</marc:subfield>
   </marc:datafield>
   <marc:datafield ind1=" " ind2=" " tag="020">
      <marc:subfield code="a">3451375664</marc:subfield>
      <marc:subfield code="9">3451375664</marc:subfield>
   </marc:datafield>
   <marc:datafield ind1=" " ind2=" " tag="041">
      <marc:subfield code="a">ger</marc:subfield>
   </marc:datafield>
   <marc:datafield ind1=" " ind2=" " tag="300">
      <marc:subfield code="a">320 Seiten</marc:subfield>
   </marc:datafield>
</marc:record>
